| 000 | 00382nam a22001337a 4500 | ||
|---|---|---|---|
| 090 | _c10181 | ||
| 008 | 080917t xxu||||| |||| 00| 0 eng d | ||
| 020 | _a1880908999 | ||
| 082 |
_222 _a745.61 _bCOU |
||
| 245 |
_aCreative Calligraphy: _bThe Art Of Beautiful Writing / _cMalcolm Couch. |
||
| 260 |
_aNew York: _bTODTRI, _cc.1996. |
||
| 300 |
_a128p: _bill:col. _c31cm. |
||
| 942 |
_2ddc _cBB |
||
| 999 |
_c10181 _d10181 |
||